Η θεία κωμωδία : η κόλαση

Αποθηκεύτηκε σε:
Λεπτομέρειες βιβλιογραφικής εγγραφής
Κύριος συγγραφέας: Dante Alighieri, 1265-1321
Άλλοι συγγραφείς: Καζαντζάκης, Νίκος, 1883-1957
Μορφή: Βιβλίο
Γλώσσα:Greek
Δημοσίευση: Αθήνα : Δίφρος,
Ετικέτες: Προσθήκη ετικέτας
Δεν υπάρχουν, Καταχωρήστε ετικέτα πρώτοι!

MARC

LEADER 00000nam a2200000 i 4500
001 1/54934
008 960510s gre d
035 |l 10027766 
040 |a GR-MY-UA  |b gre  |e aacr 
041 0 |a gre 
082 0 |a 851 
100 0 |a Dante Alighieri,   |d 1265-1321. 
245 1 2 |a Η θεία κωμωδία :  |b η κόλαση /  |c Δάντης ; Μετ:Ν.Καζαντζάκης 
260 |a Αθήνα :   |b Δίφρος,  
300 |a 210 σ. 
700 1 |a Καζαντζάκης, Νίκος,   |d 1883-1957. 
852 |a INST  |b CHIOS  |e 19960510  |h 851 ΔΑΝ  |p 005200000091  |q 005200000091  |t BK  |y 0 
909 |a Χ  |b 016290